000 00385pab a2200157 454500
008 180718b2010 xxu||||| |||| 00| 0 eng d
100 _aWang, Jeff-Jianfeng
245 _aCredit counselling to help debtors regain footing
260 _c2010
300 _ap.44-69.
362 _aSpring
650 _aCredit
773 _aJournal of Consumer Affairs
908 _aN
909 _a90129
999 _c90129
_d90129